|
|
|
|
| LEADER |
02488nam a2200625 i 4500 |
| 001 |
nkc20182978729 |
| 003 |
CZ PrNK |
| 005 |
20180309080024.0 |
| 007 |
ta |
| 008 |
180206s2017 xr ae e c 000 0dcze |
| 020 |
|
|
|a 978-80-87486-09-2
|q (brožováno)
|
| 040 |
|
|
|a OLA001
|b cze
|d ABA001
|e rda
|
| 041 |
0 |
|
|a cze
|b eng
|
| 043 |
|
|
|a e-xr---
|
| 045 |
|
|
|a x2x4
|
| 072 |
|
7 |
|a 72
|x Architektura
|2 Konspekt
|9 21
|
| 080 |
|
|
|a 72(437.3)
|2 MRF
|
| 080 |
|
|
|a 72.012.2
|2 MRF
|
| 080 |
|
|
|a 72.036/.038
|2 MRF
|
| 080 |
|
|
|a 711.4
|2 MRF
|
| 080 |
|
|
|a (437.3)
|2 MRF
|
| 080 |
|
|
|a (083.824)
|2 MRF
|
| 100 |
1 |
|
|a Petrová, Gabriela
|7 hka2018980880
|4 aut
|
| 245 |
1 |
0 |
|a Architekt Čeněk Musil /
|c Gabriela Petrová, Eva Chodějovská ; fotografie a reprodukce plánů: Hubert Hesoun
|
| 246 |
3 |
0 |
|a Čeněk Musil
|
| 264 |
|
1 |
|a V Jičíně:
|b Regionální muzeum a galerie v Jičíně ,
|c 2017
|
| 300 |
|
|
|a 157 stran :
|b ilustrace (převážně barevné), plány ;
|c 21 cm
|
| 336 |
|
|
|a text
|b txt
|2 rdacontent
|
| 336 |
|
|
|a statický obraz
|b sti
|2 rdacontent
|
| 337 |
|
|
|a bez média
|b n
|2 rdamedia
|
| 338 |
|
|
|a svazek
|b nc
|2 rdacarrier
|
| 500 |
|
|
|a "Katalog výstavy : Regionální muzeum a galerie v Jičíně 23.11.2017-28.1.2018"--Tiráž
|
| 500 |
|
|
|a 300 výtisků
|
| 504 |
|
|
|a Obsahuje bibliografie a bibliografické odkazy
|
| 546 |
|
|
|a Anglické resumé
|
| 600 |
1 |
7 |
|a Musil, Čeněk,
|d 1889-1947
|7 jk01082498
|2 czenas
|
| 648 |
|
7 |
|a 20. století
|7 ch460558
|2 czenas
|
| 650 |
0 |
7 |
|a česká architektura
|7 ph128102
|y 20. století
|2 czenas
|
| 650 |
0 |
7 |
|a architektonické projekty
|7 ph137760
|z Česko
|y 20. století
|2 czenas
|
| 650 |
0 |
7 |
|a moderní architektura
|7 ph115339
|z Česko
|2 czenas
|
| 650 |
0 |
7 |
|a urbanismus
|7 ph116541
|z Česko
|y 20. století
|2 czenas
|
| 650 |
0 |
9 |
|a Czech architecture
|y 20th century
|2 eczenas
|
| 650 |
0 |
9 |
|a architectural projects
|z Czechia
|y 20th century
|2 eczenas
|
| 650 |
0 |
9 |
|a modern architecture
|z Czechia
|2 eczenas
|
| 650 |
0 |
9 |
|a city planning
|z Czechia
|y 20th century
|2 eczenas
|
| 655 |
|
7 |
|a katalogy výstav
|7 fd132536
|2 czenas
|
| 655 |
|
9 |
|a exhibition catalogs
|2 eczenas
|
| 700 |
1 |
|
|a Chodějovská, Eva,
|d 1981-
|7 jx20080728026
|4 aut
|
| 700 |
1 |
|
|a Hesoun, Hubert,
|d 1972-
|7 ola2018981549
|4 pht
|
| 710 |
2 |
|
|a Regionální muzeum a galerie (Jičín, Česko)
|7 kn20050405009
|4 orm
|
| 910 |
2 |
|
|a BOA001
|b 2-1400.546
|
| 990 |
|
|
|a BK
|
| 995 |
|
|
|a 11
|
| 991 |
|
|
|b 201802
|c NOV
|
| 996 |
6 |
|
|b 2610734734
|c 2-1400.546
|l MZK
|r Sklad / do 1 hodiny
|n 1
|p p.v.
|w 001651455
|u 000010
|a 1
|e BOA001
|j MZK50
|s P
|